00841nam a2200205 a 450000100100000000500170001000800410002702000150006804000250008310000380010824500820014626001130022830000200034149000200036150000730038150400320045483000270048695201050051399900170061800003757820200930080442.0120501s1989 sp 000 0 spa d a8400070089 aDO-SdBNPbspacBNPHU1 aHernández Prieto, Isabel96404510aVida y obra del poeta argentino Rafael Obligado /cIsabel Hernández Prieto. aSevilla :bConsejo Superior de Investigaciones Científicas, Escuela de Estudios Hispano-Americanos,c1989. a217 p ;c21 cm.1 aMar adentrov20 aIncluye referencias bibliográficas y notas al pie de las páginas aBibliografía : p. 193-217 0aMar adentrov20915133 001050718MOaGRbGRcCTd2012-05-01iLF1l0o p37578-10r2020-06-25w2020-06-25y1ZNo se presta c37068d37068